Správy pracovných skupín

Podrobná bibliografia
Hlavní autori: Maderič, Boris, 1967- (Autor), Chavko, Jozef, 1954- (Autor), Šotnár, Karol (Autor), Dobrý, Martin (Autor), Noga, Michal (Autor), Dravecký, Miroslav (Autor), Chrenková, Monika (Autor), Pačenovský, Samuel (Autor), Danko, Štefan (Autor)
Médium: Článok
Jazyk:slovenčina

MARC

LEADER 00000nab a2200000uu 4500
001 vtls011497965
003 SK-MaSNL
005 20260305005225.0
008 230218|2012 xo |||||||||||||||||slo|
015 |a SNBRB 
035 |a (urnnbn)urn:nbn:sk:snk:ar-a07lhf 
035 |a (uuid)c8ddd762-6c0d-42d0-998a-77eb581fa51a 
035 |a urn:nbn:sk:snk-abdt45 
040 |a SNKBUCL  |b slo  |c SNKBUCL  |e AACR2 
041 0 |a slo 
044 |a xo  |c SK 
100 1 |a Maderič, Boris,  |d 1967-  |4 aut  |9 262176 
245 1 0 |a Správy pracovných skupín  |c Boris Maderič, Jozef Chavko, Karol Šotnár, Martin Dobrý, Michal Noga, Miroslav Dravecký, Monika Chrenková, Samuel Pačenovský, Štefan Danko 
246 3 |a HAJA ČERVENÁ (Milvus milvus) 
246 3 |a HAJA TMAVÁ (Milvus migrans) 
246 3 |a KAŇA POPOLAVÁ (Circus pygargus) 
246 3 |a KUVIČOK VRABČÍ (Glaucidium passerinum) 
246 3 |a KUVIK OBYČAJNÝ (Athene noctua) 
246 3 |a ORLIAK MORSKÝ (Haliaeetus albicilla) 
246 3 |a OROL KRÁĽOVSKÝ (Aquila heliaca) 
246 3 |a OROL KRIKĽAVÝ (Aquila pomarina) 
246 3 |a SOKOL KOBCOVITÝ (Falco vespertinus) 
246 3 |a SOKOL RÁROH (Falco cherrug) 
246 3 |a SOKOL SŤAHOVAVÝ (Falco peregrinus) 
246 3 |a VÝRIK OBYČAJNÝ (Otus scops) 
700 1 |a Chavko, Jozef,  |d 1954-  |4 aut  |9 262177 
700 1 |a Šotnár, Karol  |4 aut  |9 832035 
700 1 |a Dobrý, Martin  |4 aut  |9 1168921 
700 1 |a Noga, Michal  |4 aut  |9 267595 
700 1 |a Dravecký, Miroslav  |4 aut  |9 275406 
700 1 |a Chrenková, Monika  |4 aut  |9 101162 
700 1 |a Pačenovský, Samuel  |4 aut  |9 738233 
700 1 |a Danko, Štefan  |4 aut  |9 337199 
773 0 |t Dravce a sovy : časopis Ochrany dravcov na Slovensku  |g Roč. 8, č. 1 (2012), s. 4-17 
954 |a odborná, vedecká literatúra pôvodná (slovenská)  |2 lita 
958 |a OND 
958 |a EUIPO 
958 |a article20 
999 |c 3239366  |d 3241296